000 01311nam a22003017a 4500
001 8040
003 FISKH
005 20250819130443.0
008 250819b cb ||||| |||| 00| 0 eng d
020 _a9780395934890
040 _aFISKH
_beng
_cFISKH
_dFISKH
050 _aQP310.S95 R55
082 _a591.1
100 _aRiley, Capus Linda
245 _aElephants swim /
_cBy Linda Capus Riley ; Illustrated by Steve Jenkins
250 _aThis edition first published in 1995
260 _aNew York :
_bHoughton,
_c1995
300 _a34 unnumbered pages :
_bcolor illustrations ;
_c22 x 25 cm
505 _aJ
520 _aElephants swim gracefully underwater and use their trunks like snorkels. Hippos sink to the bottom and go to sleep. Walruses sing as they swim along, and so do whales. Linda Capus Riley has written a lovely - and informative - poem about the ways that sixteen animals behave in water and added notes for those readers who would like to know more about the animals. Steve Jenkins's beautiful and playful cut-paper illustrations capture the diversity of the swimmers.
521 8 _a450
_bLexile
521 8 _aJ
_bRaz-Plus
650 _2Animals
_aHippos
650 _2Collage
_aSwimming
700 _aJenkins, Steve
_dillustrator
942 _2ddc
_cBK
_n0
999 _c8040
_d8040